Elektrische Maschinen. Band 3 : Die Transformatoren

Salvato in:
Dettagli Bibliografici
Autori principali: Fischer, Rolf (Autore), Richter, R. (Autore)
Natura: Libro
Lingua:tedesco
Pubblicazione: Karsruhe : B.n, 1932, 1936
Edizione:8.überarb.und erweit.Aufl.
Soggetti:
Tags: Aggiungi Tag
Nessun Tag, puoi essere il primo ad aggiungerne!!

MARC

LEADER 00000nam a22000003a 4500
001 stu95339
005 20200914123657.2
008 050822s1992------------------------ger-d
040 |a STU  |b slo 
041 0 |a ger 
080 |a 621.313 
100 1 |a Fischer, Rolf  |4 aut 
245 1 |a Elektrische Maschinen. Band 3 :  |b Die Transformatoren 
250 |a 8.überarb.und erweit.Aufl. 
260 |a Karsruhe :  |b B.n,  |c 1932, 1936 
650 7 |a elektrické stroje  |2 stusub 
700 1 |a Richter, R.  |4 aut 
996 |b E54839  |c E*54839  |l EE04  |s P  |a 0  |w stu95339_0001